000 00881cam a2200301 4500500
005 20260405004101.0
041 _afre
042 _adc
100 1 0 _aLarmagnac-Matheron, Octave
_eauthor
700 1 0 _aOrtoli, Sven
_eauthor
245 0 0 _aMachiavel, un philosophe misogyne ?
260 _c2022.
500 _a51
690 _aDomination
690 _aFemmes
690 _aHistoire
690 _aHomme/Femme
690 _aHommes-Femmes
690 _aItalie
690 _aMachiavel
690 _aMachiavélisme
690 _aMétaphore
690 _aPouvoir
690 _aRenaissance
690 _aSexualité
786 0 _nPhilosophie magazine - Hors séries | Hors-série Hiver-Pritemps 2022 | HS52 | 2022-01-01 | p. 26-28 | 2104-9246
856 4 1 _uhttps://shs.cairn.info/magazine-philosophie-magazine-2022-hs52-page-26?lang=fr&redirect-ssocas=7080
999 _c2073547
_d2073547